Stellaris Ethos - Statistics

General Stats
  • This quiz has been taken 250 times
  • The average score is 7 of 8
Answer Stats
Answer % Correct
Materialist
89%
Spiritualist
86%
Pacifist
84%
Militarist
83%
Xenophile
83%
Xenophobe
82%
Egalitarian
80%
Authoritarian
76%
No matching quizzes found
Score Distribution
Percent of People with Each Score
Percentile by Number Answered
Your Score History
You have not taken this quiz